A Brief History of Time: (Record no. 192873)

MARC details
000 -LEADER
fixed length control field 00716nam a22001937a 4500
005 - DATE AND TIME OF LATEST TRANSACTION
control field 20221012120415.0
010 ## - LCCN (DPL NO)
LC control number RP B-745786
020 ## - INTERNATIONAL STANDARD BOOK NUMBER
Terms of availability 399.00
International Standard Book Number 9780553175219
035 ## - SYSTEM CONTROL NUMBER
System control number B-745786
037 ## - SOURCE OF ACQUISITION
Source of stock number/acquisition Bantam Books
082 ## - DEWEY DECIMAL CLASSIFICATION NUMBER
Classification number 523.1
100 ## - MAIN ENTRY--PERSONAL NAME
Personal name Hawking, Stephen
245 ## - TITLE STATEMENT
Title A Brief History of Time:
Remainder of title From The Big Bang To Black Holes/
Statement of responsibility, etc Stephen Hawking
260 ## - PUBLICATION, DISTRIBUTION, ETC. (IMPRINT)
Place of publication, distribution, etc London
Name of publisher, distributor, etc Bantam Books
Date of publication, distribution, etc 1988
270 ## - ADDRESS
Address 8 Viaduct Gardens,
City London
Postal code 954009
300 ## - PHYSICAL DESCRIPTION
Extent 220p.
Dimensions 20cm(pbk)
942 ## - ADDED ENTRY ELEMENTS (KOHA)
Source of classification or shelving scheme Dewey Decimal Classification
Item type English Books
Call number suffix HAW
Classification part 523.1
Holdings
Withdrawn status Lost status Not for loan Collection code Home library Current library Date acquired Source of acquisition Cost, normal purchase price Full call number Barcode Copy number Cost, replacement price Koha item type
      Non-fiction Shahdara Branch Shahdara Branch 07/10/2022 Prakashan Sansthan/ RP/ 146/10-09-2022/97/01-09-22/23-09-22 399.00 523.1 HAW B-745786 1 399.00 English Books

© Delhi Public Library
Hit Counter
free hit counter